Statistics for Words that Contain "unge"

Click here to take the quiz!

General Stats

  • This quiz has been taken 31 times
  • The average score is 6 of 15

Answer Stats

Answer% Correct
Lunge
87%
Plunge
87%
Grunge
57%
Bungee
47%
Dungeon
47%
Lounge
40%
Pungent
40%
Expunge
37%
Hunger
37%
Bunged
27%
Scrounge
20%
Younger
13%
Ungenerous
7%
Ungentlemanly
7%
Ungenial
3%

Score Distribution

Percentile by Number Answered

Percent of People with Each Score

Your Score History

You have not taken this quiz